000 02212ncm0a2200409 4500
001 RU\NLR\ONIZ\215745
005 20250626045020.0
021 _aRU
_b11-268н
_911-22н
035 _aRU\NLR\ONIZ\Таня\5000003430\20161123103206
035 _a(NLR Aleph) 011338098
090 _a11175570
_c11175570
100 _a20161123d2011 |||y0rusy50 ca
101 0 _arus
102 _aRU
125 _azx
128 _armc
145 0 _ac
200 1 _aВишневый плен
_bНоты
_eцикл романсов на стихи Д. Дианова
_e[голос с букв.-цифр. обозначением партии аккомп.]
_fА. Клейменова
210 _aМосква
_cЭсперанто-Русская музыкальная инициатива
_d2011
215 _a8, [2] c/
_cил.
_d30 см
313 _aСистематизация документа проведена по изданию - Методика классифицирования музыкальных произведений (нотных изданий) по таблицам Библиотечно-библиографических классификаций : метод. рекомендации / Гос. б-ка СССР им. В.И. Ленина.- М., 1977. Индексу ББК методических рекомендаций присваивается код ББК для научных библиотек - LBC/SL
686 _aЩ943.4-99-043.2(2Р)
_vLBC/SL
_2rubbk
700 1 _9z01790
_aКлеймёнова
_bА.
_gАлла
_4230
702 1 _9z02790
_aДианов
_bД. (. В.
_f1963-
_gДмитрий (Данияр) Валентинович
_4340
_7ca
702 1 _9z03790
_aДианов
_bД.
_gДмитрий
_4520
790 1 _9z01700
_aKlejmyonova
_bA.
_gAlla
_4230
790 1 _9z02702
_aDianov
_bD. (.
_f1963-
_gDmitrij (Danijar)
_4340
_7ba
790 1 _9z03702
_aDianov
_bD.
_gDmitrij
_4520
801 0 _aRU
_bNLR
_c20161123
_gPSBO
801 1 _aRU
_bNLR
_c20161123
_2rusmarc
801 2 _aRU
_bNLR
_c20190630
852 _aNLR
_bМ
_jК-3/28215
_pМОЭ 2011-22н/268н
_t1
852 _aNLR
_bМ
_jК-3/28215а
_pМОЭ 2011-22н/268на
_t2
942 _cSCORE
980 _aNB
980 _aONIZ